| 000 | 00390nam a2200157Ia 4500 | ||
|---|---|---|---|
| 008 | 221030s9999 xx 000 0 und d | ||
| 020 | _a8188114464 | ||
| 041 | _aEnglish | ||
| 082 |
_a105.23 _bRaj |
||
| 100 | _aP. Raja | ||
| 245 | 0 |
_aDigital Integrated Circuits & Applications _cby P. Raja |
|
| 260 |
_bUmesh Pub _aNew Delhi _c2005 |
||
| 300 | _a627 | ||
| 650 | _aBE Computer | ||
| 942 | _cBK | ||
| 999 |
_c3949 _d3949 |
||